000 00716nam a2200253Ia 4500
003 OSt
005 20220918203423.0
006 a|||||r|||| 00| 0
007 ta
008 220917b |||||||| |||| 00| 0 eng d
024 _a108,169
037 _cTextual
040 _aARTS
_cARTS
_beng
041 _2eng
_aeng
082 _aV431-433.N, L0
100 _aJamsai M L Manich
_9108482
245 0 _aHistory of Thailand and Cambodia
_b From the days of Angkar to the Present
260 _aThailand
_bChalermnit
_c1970
300 _a235p.
_ccm.
500 _aBibliography p222-235
650 _aHISTORY
942 _hV431-433.N, L0
_cTEXL
_2CC
999 _c231523
_d231523